[Event "Quitale"]
[Site "http://www.queenalice.com/game.php?id=307362"]
[Date "2007.11.20"]
[Round "-"]
[White "wildemarkes2007"]
[Black "johnlennon55"]
[Result "0-1"]
[WhiteElo "1100"]
[BlackElo "922"]

1. Nc3 e5 2. b3 f5 3. Ba3 Bxa3 4. e3 Nc6 5. Nb1 e4 6. Nxa3 Nf6 7. g3 Nh5 8. c3
g6 9. h4 b6 10. Bg2 d5 11. d4 O-O 12. b4 a5 13. bxa5 bxa5 14. Rb1 Rb8 15. Rxb8
Nxb8 16. Qb1 Na6 17. Qb5 Rf6 18. Qxa5 Rb6 19. Nb5 Rb7 20. Na3 Rb6 21. Bf1 Bb7
22. c4 dxc4 23. Bxc4+ Kf8 24. Ne2 Qb8 25. Nf4 Nxf4 26. gxf4 Rb4 27. h5 Rxc4 28.
Nxc4 Bd5 29. Qxd5 Qb1+ 30. Ke2 Qxh1 31. Qd8+ Kf7 32. hxg6+ hxg6 33. Ne5+ Kg7 34.
Nc4 Qe1+ 0-1

[Event "Challenge"]
[Site "http://www.queenalice.com/game.php?id=307366"]
[Date "2007.11.20"]
[Round "-"]
[White "wildemarkes2007"]
[Black "davidlemarseillais91"]
[Result "1/2-1/2"]
[WhiteElo "807"]
[BlackElo "1100"]

1. Nc3 d5 2. d3 e6 3. e3 Bb4 4. Bd2 Bxc3 5. Bxc3 Nf6 6. g3 Nc6 7. f4 O-O 8. a4
Re8 9. b3 d4 10. exd4 Nd5 11. Bd2 a5 12. h4 Qe7 13. c4 Nf6 14. Qe2 1/2-1/2

[Event "Challenge"]
[Site "http://www.queenalice.com/game.php?id=307373"]
[Date "2007.11.20"]
[Round "-"]
[White "wildemarkes2007"]
[Black "ALMOVE"]
[Result "0-1"]
[WhiteElo "811"]
[BlackElo "1754"]

1. Nf3 e5 2. e3 d6 3. b3 Nf6 4. Ba3 Be7 5. g3 O-O 6. h3 b6 7. d3 c5 8. h4 Bb7 9.
e4 Nbd7 10. Bh3 d5 11. Nc3 Ba6 12. O-O dxe4 13. dxe4 Bxf1 14. Kxf1 b5 15. Nxb5
Nb8 16. Qe1 Nc6 17. c3 Qa5 18. Bc1 Qxb5+ 19. Kg1 Na5 20. Nxe5 c4 21. bxc4 Qxe5
22. g4 Nxe4 23. a3 Nxc4 24. a4 Nxc3 25. Qxe5 Nxe5 26. Bb2 Rac8 27. g5 Rc7 28.
Ra3 Bxa3 29. Bxa3 Rd8 30. Bb2 Nf3+ 31. Kg2 Nxh4+ 32. Kg3 Ng6 33. Bf5 Nxa4 34.
Bc2 Nxb2 0-1

[Event "Challenge"]
[Site "http://www.queenalice.com/game.php?id=307374"]
[Date "2007.11.20"]
[Round "-"]
[White "wildemarkes2007"]
[Black "silverado"]
[Result "0-1"]
[WhiteElo "811"]
[BlackElo "1709"]

1. Nf3 e6 2. g3 d5 3. a3 c5 4. Nc3 Qb6 5. e3 Bd7 6. h4 Nh6 7. Bh3 f6 8. Kf1 Bd6
9. Nb1 c4 10. c3 O-O 11. a4 a5 12. Kg1 f5 13. Qf1 Nc6 14. Ne1 g6 15. f4 Ne7 16.
Nf3 Bc6 17. d4 Nf7 18. Qe1 h6 19. Kf1 h5 20. Qd1 Nh6 21. Kg1 Ng4 22. Nbd2 Rab8
23. Bf1 Nxe3 24. Qe1 Nc2 25. Qxe6+ Rf7 26. Rb1 Rd8 27. Ng5 Be8 28. Nxf7 Bxf7 29.
Qe2 Re8 30. Nxc4 dxc4 31. Qxc2 Nd5 32. Bxc4 Re7 33. Bd2 Ne3 34. Bxf7+ Kxf7 35.
Qc1 Ng4 36. b4 axb4 37. cxb4 Qxd4+ 38. Kf1 Qf2# 0-1

[Event "Challenge"]
[Site "http://www.queenalice.com/game.php?id=307376"]
[Date "2007.11.20"]
[Round "-"]
[White "wildemarkes2007"]
[Black "Ayr_United"]
[Result "0-1"]
[WhiteElo "807"]
[BlackElo "1638"]

1. b3 Nf6 2. Nf3 g6 3. e3 Bg7 4. Ba3 Nd5 5. e4 Bxa1 6. exd5 Bg7 7. Bd3 O-O 8.
O-O c6 9. dxc6 bxc6 10. c3 Re8 11. Ne1 e5 12. f3 d5 13. Be2 d4 14. Kh1 dxc3 15.
Nxc3 Ba6 16. d3 e4 17. fxe4 Bxc3 18. Nc2 Nd7 19. Nb4 Bxb4 20. Bxb4 c5 21. Ba3
Rc8 22. Bg4 Rc7 23. Rxf7 Ne5 24. Rg7+ Kxg7 25. Be2 Bxd3 26. b4 Rd7 27. bxc5 Bxe2
0-1

[Event "Brasil X Canadá"]
[Site "http://www.queenalice.com/game.php?id=307431"]
[Date "2007.11.20"]
[Round "-"]
[White "wildemarkes2007"]
[Black "trompmaster"]
[Result "0-1"]
[WhiteElo "811"]
[BlackElo "1990"]

1. Nf3 d6 2. e3 Nd7 3. d4 c6 4. g4 e5 5. Bh3 e4 6. Nfd2 Qh4 7. Bg2 d5 8. O-O
Ndf6 9. b3 Nxg4 10. Ba3 Qxh2# 0-1

[Event "Bruno X  Carlos"]
[Site "http://www.queenalice.com/game.php?id=307492"]
[Date "2007.11.21"]
[Round "-"]
[White "wildemarkes2007"]
[Black "carlos55"]
[Result "1-0"]
[WhiteElo "823"]
[BlackElo "1186"]

1. Nf3 Nc6 2. g3 e5 3. Nc3 Nf6 4. Nxe5 Nxe5 5. e4 g6 6. Bh3 b6 7. a3 h5 8. d4
Nc6 9. O-O d6 10. Ne2 Bxh3 11. Re1 Nxe4 12. f3 Nf6 13. Nf4+ Be7 14. Nxh3 d5 15.
c3 Qd7 16. Bg5 Qxh3 17. Rxe7+ Kxe7 18. Qe1+ Kd8 19. Bxf6+ Kc8 20. Bxh8 Kb7 21.
b4 Rxh8 22. Qe2 Rd8 23. f4 Qd7 24. Rd1 Re8 25. Qf3 Re4 26. b5 Na5 27. Rc1 Nb3
28. Rb1 Qxb5 29. c4 Qxc4 30. Rxb3 Re1+ 31. Kg2 Qxd4 32. Rd3 Rg1+ 33. Kh3 Rf1 34.
Qxf1 Qxd3 35. Qxd3 1-0

[Event "Wildemarkes X Dani"]
[Site "http://www.queenalice.com/game.php?id=307493"]
[Date "2007.11.21"]
[Round "-"]
[White "wildemarkes2007"]
[Black "dani29rock"]
[Result "0-1"]
[WhiteElo "811"]
[BlackElo "1147"]

1. Nf3 d6 2. Nc3 Bg4 3. Ng1 Nf6 4. h3 Bh5 5. g3 e5 6. e4 d5 7. exd5 Nxd5 8. Bg2
c6 9. Nge2 Nxc3 10. bxc3 Nd7 11. g4 Bg6 12. O-O Bc5 13. d3 Nf6 14. a4 h5 15.
gxh5 Bxh5 16. d4 exd4 17. cxd4 Bb6 18. f3 O-O 19. Ba3 Qd5 20. Bb4 Rfd8 21. Be7
Bxd4+ 22. Nxd4 Rd7 23. Bb4 c5 24. Bc3 Qc4 25. a5 Qxc3 26. Qb1 Qxd4+ 27. Kh2 Qf4+
28. Kg1 Rd2 29. Qxb7 Rb8 30. Qxa7 Qg3 31. Qxf7+ Kxf7 0-1

[Event "Bruno X Carlos Angelo"]
[Site "http://www.queenalice.com/game.php?id=307496"]
[Date "2007.11.21"]
[Round "-"]
[White "wildemarkes2007"]
[Black "carloscolangelo"]
[Result "0-1"]
[WhiteElo "811"]
[BlackElo "1386"]

1. Nf3 Nc6 2. e3 e5 3. h4 e4 4. Ng1 Qf6 5. f3 exf3 6. gxf3 b6 7. b3 Qxa1 8. Na3
Qxa2 9. d3 Bxa3 10. Bd2 Bb4 11. e4 Bxd2+ 12. Qxd2 Nd4 13. Bh3 Nxc2+ 14. Kf1 Qb1+
15. Qe1 Qxe1+ 16. Kg2 Ne3+ 0-1

[Event "Brasil X Estados Unidos"]
[Site "http://www.queenalice.com/game.php?id=307497"]
[Date "2007.11.21"]
[Round "-"]
[White "wildemarkes2007"]
[Black "Football_rules"]
[Result "0-1"]
[WhiteElo "811"]
[BlackElo "1369"]

1. Nf3 d5 2. d3 Nc6 3. b3 e6 4. c4 Bb4+ 5. Nbd2 Qf6 6. cxd5 Qxa1 7. dxc6 bxc6 8.
g4 Qxa2 9. Bh3 Qa5 10. O-O Qd5 11. Nb1 Bb7 12. Ba3 Ba5 13. e3 Nf6 14. g5 Nd7 15.
e4 Qb5 16. Nh4 O-O-O 17. f3 Bb6+ 18. Kg2 Ne5 19. Nc3 Qa5 20. Bc1 Qxc3 21. f4
Nxd3 22. Ba3 Nxf4+ 23. Rxf4 Rxd1 24. Rxf7 Rd2+ 25. Kf1 Qa1+ 0-1

[Event "AUTO-OPEN-909"]
[Site "http://www.queenalice.com/game.php?id=307586"]
[Date "2007.11.21"]
[Round "1"]
[White "serrameira"]
[Black "wildemarkes2007"]
[Result "1-0"]
[WhiteElo "1864"]
[BlackElo "811"]

1. e4 Nc6 2. d4 e6 3. Nc3 f6 4. d5 Ne5 5. dxe6 d6 6. f4 Ng6 7. f5 N6e7 8. Nf3 g6
9. g4 g5 10. h4 gxh4 11. Nxh4 b6 12. Nd5 c6 13. g5 fxg5 14. Nxe7 Qxe7 15. Qh5+
Kd8 16. Bxg5 Nf6 17. Bxf6 Qxf6 18. O-O-O h6 19. Ng6 Rg8 20. e5 Bg7 21. exf6 Bxf6
22. Qxh6 Bg7 23. Qg5+ Kc7 24. Qe7+ Kb8 25. Qxd6+ Kb7 26. Ne7 Bf8 27. Qxc6+ Kb8
28. Qxc8# 1-0

[Event "AUTO-OPEN-909"]
[Site "http://www.queenalice.com/game.php?id=307587"]
[Date "2007.11.21"]
[Round "1"]
[White "wildemarkes2007"]
[Black "serrameira"]
[Result "0-1"]
[WhiteElo "811"]
[BlackElo "1824"]

1. Nf3 g6 2. Nc3 Bg7 3. b3 d5 4. d4 Nc6 5. g4 Bxg4 6. Ng1 Nf6 7. Bg2 Be6 8. e3
O-O 9. Nge2 Qd7 10. O-O a6 11. Ng3 Bh3 12. Bxh3 Qxh3 13. e4 dxe4 14. Bb2 Ng4 15.
Ngxe4 Qxh2# 0-1

[Event "AUTO-OPEN-909"]
[Site "http://www.queenalice.com/game.php?id=307612"]
[Date "2007.11.21"]
[Round "1"]
[White "wildemarkes2007"]
[Black "PLDunton"]
[Result "0-1"]
[WhiteElo "811"]
[BlackElo "1877"]

1. Nf3 Nc6 2. e4 e5 3. Nc3 Nf6 4. g3 Bc5 5. a3 Ng4 6. Bb5 d6 7. O-O Bd7 8. Bxc6
Bxc6 9. Qe1 O-O 10. d4 exd4 11. Ne2 Bxe4 12. Nd2 Re8 13. f3 d3+ 14. Kg2 Ne3+ 15.
Kg1 Nxc2+ 16. Kg2 Nxe1+ 17. Rxe1 Bc6 18. b3 Rxe2+ 19. Kf1 Qe7 0-1

[Event "AUTO-OPEN-909"]
[Site "http://www.queenalice.com/game.php?id=307613"]
[Date "2007.11.21"]
[Round "1"]
[White "PLDunton"]
[Black "wildemarkes2007"]
[Result "1-0"]
[WhiteElo "1879"]
[BlackElo "811"]

1. e4 Nc6 2. d4 e6 3. Nc3 f6 4. Nf3 a5 5. Bb5 Nb8 6. Bf4 g6 7. a3 c6 8. Bd3 b6
9. O-O f5 10. exf5 gxf5 11. Re1 Na6 12. Bxf5 Qe7 13. Bg4 d5 14. Ne5 Bb7 15. Bh5+
Kd8 16. Nf7+ Kc8 17. Nxh8 c5 18. Bf3 Qg7 19. Bg4 Qxh8 20. Rxe6 Nf6 21. Rxf6+ Kd8
22. Bg5 Be7 23. Rd6+ Ke8 24. Bh5+ Kf8 25. Qf3+ Kg8 26. Qf7# 1-0

[Event "AUTO-OPEN-909"]
[Site "http://www.queenalice.com/game.php?id=307614"]
[Date "2007.11.21"]
[Round "1"]
[White "wildemarkes2007"]
[Black "Lintz"]
[Result "1/2-1/2"]
[WhiteElo "811"]
[BlackElo "1698"]

1. Nf3 d5 2. d3 Nc6 3. c3 e5 4. d4 e4 5. Ng1 Nf6 6. e3 Be7 7. g3 O-O 8. Bh3 b5
9. Na3 Bxa3 10. bxa3 a5 11. f3 a4 12. fxe4 Nxe4 13. Bxc8 Qxc8 14. Ne2 Ne7 15.
O-O f5 16. Bb2 Ng6 17. Rc1 Kh8 18. Ba1 Qd7 19. h3 f4 20. Nxf4 Nxg3 21. Rf2 Nxf4
22. Qf3 Nxh3+ 23. Kg2 Rxf3 24. Rxf3 Ne2 25. Rc2 Qg4+ 26. Kh2 Qxf3 27. Rxe2 Nf2
28. Rxf2 Qxf2+ 29. Kh3 Rf8 1/2-1/2

[Event "Challenge"]
[Site "http://www.queenalice.com/game.php?id=308071"]
[Date "2007.11.21"]
[Round "-"]
[White "johnlennon55"]
[Black "wildemarkes2007"]
[Result "0-1"]
[WhiteElo "973"]
[BlackElo "861"]

1. e4 e6 2. Qe2 d6 3. d3 b6 4. h4 Ba6 5. c4 Nd7 6. f4 g6 7. Nc3 f6 8. Nh3 e5 9.
Qd1 c6 10. g3 exf4 11. gxf4 Qe7 12. Rh2 f5 13. b3 fxe4 14. dxe4 b5 15. cxb5 cxb5
16. Ng5 b4 17. Nb1 Bb7 18. Be2 Bxe4 19. Bc4 Bxb1+ 20. Kf1 Be4 21. Ne6 Bh6 22.
Qd4 Ngf6 23. Nc7+ Kf8 24. Nxa8 Bxa8 25. Qxa7 Be4 26. Qa8+ Bxa8 27. Rh3 Qe4 28.
Bb5 Qxf4+ 29. Bxf4 Bxf4 30. Rd1 Kf7 31. Bxd7 Nxd7 32. Rd2 Bxd2 33. Rd3 Bg2+ 34.
Kf2 Bf4 35. Kxg2 Re8 36. Rf3 Re2+ 37. Kf1 Re4 38. Rd3 Ne5 39. Rxd6 Bg3 40. Rd7+
Nxd7 41. Kg2 Bxh4 42. Kf3 Re6 43. Kf4 Rf6+ 44. Kg4 Be1 45. Kg5 Ra6 46. Kh6 Nf8
47. Kg5 Rxa2 48. Kh6 Ra3 49. Kg5 Rxb3 50. Kg4 Rg3+ 51. Kf4 b3 0-1

[Event "Challenge"]
[Site "http://www.queenalice.com/game.php?id=308541"]
[Date "2007.11.22"]
[Round "-"]
[White "Alex_Gatinho"]
[Black "wildemarkes2007"]
[Result "1-0"]
[WhiteElo "1564"]
[BlackElo "811"]

1. e4 d6 2. Bc4 b6 3. Qf3 e6 4. d4 Qe7 5. e5 dxe5 6. Qxa8 Qd8 7. Qxb8 Qxd4 8.
Qxc8+ Ke7 9. Qxc7+ Kf6 10. Nf3 Qe4+ 11. Be3 Be7 12. Nc3 Qg4 13. Qxe5+ Kg6 14.
Bd3+ f5 15. Qxe6+ Kh5 16. Qf7+ 1-0

[Event "Challenge"]
[Site "http://www.queenalice.com/game.php?id=327386"]
[Date "2007.12.28"]
[Round "-"]
[White "wildemarkes2007"]
[Black "carlos55"]
[Result "0-1"]
[WhiteElo "886"]
[BlackElo "1247"]

1. e3 e5 2. Nf3 d6 3. Bb5+ Nc6 4. d4 a6 5. Ba4 b5 6. Bb3 Qe7 7. Nfd2 exd4 8. Qf3
Bd7 9. Bxf7+ Kd8 10. c3 dxe3 11. fxe3 Nh6 12. Bd5 Ng4 13. Bxc6 Bxc6 14. Qxc6
Qh4+ 15. Kd1 Rc8 16. Qxa6 Nf2+ 17. Kc2 Nxh1 18. Qxb5 Qxh2 0-1